<?xml version="1.0" encoding="UTF-8"?>
<record
    xmlns:xsi="http://www.w3.org/2001/XMLSchema-instance"
    xsi:schemaLocation="http://www.loc.gov/MARC21/slim http://www.loc.gov/standards/marcxml/schema/MARC21slim.xsd"
    xmlns="http://www.loc.gov/MARC21/slim">

  <leader>01307nas a2200229 454500</leader>
  <controlfield tag="001">13556</controlfield>
  <controlfield tag="005">20260407193505.0</controlfield>
  <controlfield tag="008">260407s2013####ag###########|||spa#d</controlfield>
  <controlfield tag="003">AR-UNSa-BCEJYS</controlfield>
  <datafield tag="040" ind1=" " ind2=" ">
    <subfield code="a">AR-UNSa-BCEJYS</subfield>
    <subfield code="b">spa</subfield>
    <subfield code="c">AR-UNSa-BCEJYS</subfield>
  </datafield>
  <datafield tag="080" ind1=" " ind2=" ">
    <subfield code="a">349.2</subfield>
    <subfield code="x">Derecho del Trabajo</subfield>
  </datafield>
  <datafield tag="245" ind1="1" ind2="0">
    <subfield code="a">Revista de Derecho laboral y seguridad social</subfield>
  </datafield>
  <datafield tag="264" ind1=" " ind2="1">
    <subfield code="a">Buenos Aires :</subfield>
    <subfield code="b">Abeledo Perrot</subfield>
    <subfield code="c">2013</subfield>
  </datafield>
  <datafield tag="310" ind1=" " ind2=" ">
    <subfield code="a">Frecuencia: Quincenal</subfield>
  </datafield>
  <datafield tag="505" ind1=" " ind2=" ">
    <subfield code="a">l cuenta con toda la informaci&#xF3;n necesaria para los profesionales dedicados a dicha especialidad, incluyendo el aspecto previsional, sueldos y remuneraciones, enfermedades y accidentes laborales, licencias y vacaciones, suspensi&#xF3;n y extinci&#xF3;n del contrato de trabajo, derecho colectivo de trabajo, polic&#xED;a de trabajo, contingencias, riesgos del trabajo, seguro de desempleo, asignaciones familiares, obras sociales, derecho procesal del trabajo, sistema nacional de salud, programas de trabajo, Fondo Nacional de Empleo, y prestaciones no contributivas.</subfield>
  </datafield>
  <datafield tag="942" ind1=" " ind2=" ">
    <subfield code="c">SER</subfield>
  </datafield>
  <datafield tag="590" ind1=" " ind2=" ">
    <subfield code="a">niveau_biblio:s niveau_hierar:1</subfield>
  </datafield>
  <datafield tag="100" ind1="1" ind2=" ">
    <subfield code="a">Grisolia, Julio Armando</subfield>
  </datafield>
  <datafield tag="650" ind1=" " ind2=" ">
    <subfield code="a">Seguridad social</subfield>
  </datafield>
  <datafield tag="650" ind1=" " ind2=" ">
    <subfield code="a">Derecho laboral</subfield>
  </datafield>
  <datafield tag="856" ind1="4" ind2="1">
    <subfield code="u">https://biblioeco.unsa.edu.ar/pmb/images/revistas/Derecho Laboral y Seguridad Social.jpg</subfield>
    <subfield code="y">Imagen de portada</subfield>
    <subfield code="q">image/jpeg</subfield>
  </datafield>
  <datafield tag="999" ind1=" " ind2=" ">
    <subfield code="c">8463</subfield>
    <subfield code="d">8463</subfield>
  </datafield>
  <datafield tag="952" ind1=" " ind2=" ">
    <subfield code="0">0</subfield>
    <subfield code="1">0</subfield>
    <subfield code="4">0</subfield>
    <subfield code="7">0</subfield>
    <subfield code="a">BCEJYS</subfield>
    <subfield code="b">BCEJYS</subfield>
    <subfield code="c">17</subfield>
    <subfield code="d">2014-08-15</subfield>
    <subfield code="h">N&#xBA; 16 - ago. 2014</subfield>
    <subfield code="l">0</subfield>
    <subfield code="o">H349.2 LAB 16/2014</subfield>
    <subfield code="p">R12480</subfield>
    <subfield code="r">2026-04-10 16:07:22</subfield>
    <subfield code="w">2026-04-10</subfield>
    <subfield code="y">RN</subfield>
  </datafield>
  <datafield tag="952" ind1=" " ind2=" ">
    <subfield code="0">0</subfield>
    <subfield code="1">0</subfield>
    <subfield code="4">0</subfield>
    <subfield code="7">0</subfield>
    <subfield code="a">BCEJYS</subfield>
    <subfield code="b">BCEJYS</subfield>
    <subfield code="c">17</subfield>
    <subfield code="d">2014-08-01</subfield>
    <subfield code="h">N&#xBA; 15 - ago. 2014</subfield>
    <subfield code="l">0</subfield>
    <subfield code="o">H349.2 LAB 15/2014</subfield>
    <subfield code="p">R12134</subfield>
    <subfield code="r">2026-04-10 16:07:22</subfield>
    <subfield code="w">2026-04-10</subfield>
    <subfield code="y">RN</subfield>
  </datafield>
  <datafield tag="952" ind1=" " ind2=" ">
    <subfield code="0">0</subfield>
    <subfield code="1">0</subfield>
    <subfield code="4">0</subfield>
    <subfield code="7">0</subfield>
    <subfield code="a">BCEJYS</subfield>
    <subfield code="b">BCEJYS</subfield>
    <subfield code="c">17</subfield>
    <subfield code="d">2014-07-15</subfield>
    <subfield code="h">N&#xBA; 14 - jul. 2014</subfield>
    <subfield code="l">0</subfield>
    <subfield code="o">H349.2 LAB 14/2014</subfield>
    <subfield code="p">R12133</subfield>
    <subfield code="r">2026-04-10 16:07:22</subfield>
    <subfield code="w">2026-04-10</subfield>
    <subfield code="y">RN</subfield>
  </datafield>
  <datafield tag="952" ind1=" " ind2=" ">
    <subfield code="0">0</subfield>
    <subfield code="1">0</subfield>
    <subfield code="4">0</subfield>
    <subfield code="7">0</subfield>
    <subfield code="a">BCEJYS</subfield>
    <subfield code="b">BCEJYS</subfield>
    <subfield code="c">17</subfield>
    <subfield code="d">2014-07-01</subfield>
    <subfield code="h">N&#xBA; 13 - jul. 2014</subfield>
    <subfield code="l">0</subfield>
    <subfield code="o">H349.2 LAB 13/2014</subfield>
    <subfield code="p">R11711</subfield>
    <subfield code="r">2026-04-10 16:07:22</subfield>
    <subfield code="w">2026-04-10</subfield>
    <subfield code="y">RN</subfield>
  </datafield>
  <datafield tag="952" ind1=" " ind2=" ">
    <subfield code="0">0</subfield>
    <subfield code="1">0</subfield>
    <subfield code="4">0</subfield>
    <subfield code="7">0</subfield>
    <subfield code="a">BCEJYS</subfield>
    <subfield code="b">BCEJYS</subfield>
    <subfield code="c">17</subfield>
    <subfield code="d">2014-06-15</subfield>
    <subfield code="h">N&#xBA; 12 - jun. 2014</subfield>
    <subfield code="l">0</subfield>
    <subfield code="o">H349.2 LAB 12/2014</subfield>
    <subfield code="p">R11480</subfield>
    <subfield code="r">2026-04-10 16:07:22</subfield>
    <subfield code="w">2026-04-10</subfield>
    <subfield code="y">RN</subfield>
  </datafield>
  <datafield tag="952" ind1=" " ind2=" ">
    <subfield code="0">0</subfield>
    <subfield code="1">0</subfield>
    <subfield code="4">0</subfield>
    <subfield code="7">0</subfield>
    <subfield code="a">BCEJYS</subfield>
    <subfield code="b">BCEJYS</subfield>
    <subfield code="c">17</subfield>
    <subfield code="d">2014-06-01</subfield>
    <subfield code="h">N&#xBA; 11 - jun. 2014</subfield>
    <subfield code="l">0</subfield>
    <subfield code="o">H349.2 LAB 11/2014</subfield>
    <subfield code="p">R11479</subfield>
    <subfield code="r">2026-04-10 16:07:22</subfield>
    <subfield code="w">2026-04-10</subfield>
    <subfield code="y">RN</subfield>
  </datafield>
  <datafield tag="952" ind1=" " ind2=" ">
    <subfield code="0">0</subfield>
    <subfield code="1">0</subfield>
    <subfield code="4">0</subfield>
    <subfield code="7">0</subfield>
    <subfield code="a">BCEJYS</subfield>
    <subfield code="b">BCEJYS</subfield>
    <subfield code="c">17</subfield>
    <subfield code="d">2014-05-15</subfield>
    <subfield code="h">N&#xAA; 10 - mayo 2014</subfield>
    <subfield code="l">0</subfield>
    <subfield code="o">H349.2 LAB 10/2014</subfield>
    <subfield code="p">R01525</subfield>
    <subfield code="r">2026-04-10 16:07:22</subfield>
    <subfield code="w">2026-04-10</subfield>
    <subfield code="y">RN</subfield>
  </datafield>
  <datafield tag="952" ind1=" " ind2=" ">
    <subfield code="0">0</subfield>
    <subfield code="1">0</subfield>
    <subfield code="4">0</subfield>
    <subfield code="7">0</subfield>
    <subfield code="a">BCEJYS</subfield>
    <subfield code="b">BCEJYS</subfield>
    <subfield code="c">17</subfield>
    <subfield code="d">2014-05-01</subfield>
    <subfield code="h">N&#xBA; 9 - mayo 2014</subfield>
    <subfield code="l">0</subfield>
    <subfield code="o">H349.2 LAB 9/2014</subfield>
    <subfield code="p">R00821</subfield>
    <subfield code="r">2026-04-10 16:07:22</subfield>
    <subfield code="w">2026-04-10</subfield>
    <subfield code="y">RN</subfield>
  </datafield>
  <datafield tag="952" ind1=" " ind2=" ">
    <subfield code="0">0</subfield>
    <subfield code="1">0</subfield>
    <subfield code="4">0</subfield>
    <subfield code="7">0</subfield>
    <subfield code="a">BCEJYS</subfield>
    <subfield code="b">BCEJYS</subfield>
    <subfield code="c">17</subfield>
    <subfield code="d">2014-04-25</subfield>
    <subfield code="h">N&#xBA; 8 - abr. 2014</subfield>
    <subfield code="l">0</subfield>
    <subfield code="o">H349.2 LAB 8/2014</subfield>
    <subfield code="p">R10732</subfield>
    <subfield code="r">2026-04-10 16:07:22</subfield>
    <subfield code="w">2026-04-10</subfield>
    <subfield code="y">RN</subfield>
  </datafield>
  <datafield tag="952" ind1=" " ind2=" ">
    <subfield code="0">0</subfield>
    <subfield code="1">0</subfield>
    <subfield code="4">0</subfield>
    <subfield code="7">0</subfield>
    <subfield code="a">BCEJYS</subfield>
    <subfield code="b">BCEJYS</subfield>
    <subfield code="c">17</subfield>
    <subfield code="d">2014-04-15</subfield>
    <subfield code="h">N&#xBA; 7 - abr. 2014</subfield>
    <subfield code="l">0</subfield>
    <subfield code="o">H349.2 LAB 7/2014</subfield>
    <subfield code="p">R10588</subfield>
    <subfield code="r">2026-04-10 16:07:22</subfield>
    <subfield code="w">2026-04-10</subfield>
    <subfield code="y">RN</subfield>
  </datafield>
  <datafield tag="952" ind1=" " ind2=" ">
    <subfield code="0">0</subfield>
    <subfield code="1">0</subfield>
    <subfield code="4">0</subfield>
    <subfield code="7">0</subfield>
    <subfield code="a">BCEJYS</subfield>
    <subfield code="b">BCEJYS</subfield>
    <subfield code="c">17</subfield>
    <subfield code="d">2014-03-15</subfield>
    <subfield code="h">N&#xBA; 6 - mar. 2014</subfield>
    <subfield code="l">0</subfield>
    <subfield code="o">H349.2 LAB 6/2014</subfield>
    <subfield code="p">R10580</subfield>
    <subfield code="r">2026-04-10 16:07:22</subfield>
    <subfield code="w">2026-04-10</subfield>
    <subfield code="y">RN</subfield>
  </datafield>
  <datafield tag="952" ind1=" " ind2=" ">
    <subfield code="0">0</subfield>
    <subfield code="1">0</subfield>
    <subfield code="4">0</subfield>
    <subfield code="7">0</subfield>
    <subfield code="a">BCEJYS</subfield>
    <subfield code="b">BCEJYS</subfield>
    <subfield code="c">17</subfield>
    <subfield code="d">2014-03-01</subfield>
    <subfield code="h">N&#xBA; 5 - mar. 2014</subfield>
    <subfield code="l">0</subfield>
    <subfield code="o">H349.2 LAB 5/2014</subfield>
    <subfield code="p">R10579</subfield>
    <subfield code="r">2026-04-10 16:07:22</subfield>
    <subfield code="w">2026-04-10</subfield>
    <subfield code="y">RN</subfield>
  </datafield>
  <datafield tag="952" ind1=" " ind2=" ">
    <subfield code="0">0</subfield>
    <subfield code="1">0</subfield>
    <subfield code="4">0</subfield>
    <subfield code="7">0</subfield>
    <subfield code="a">BCEJYS</subfield>
    <subfield code="b">BCEJYS</subfield>
    <subfield code="c">17</subfield>
    <subfield code="d">2014-02-07</subfield>
    <subfield code="h">N&#xBA; 4 - feb. 2014</subfield>
    <subfield code="l">0</subfield>
    <subfield code="o">H349.2 LAB 4/2014</subfield>
    <subfield code="p">R10565</subfield>
    <subfield code="r">2026-04-10 16:07:22</subfield>
    <subfield code="w">2026-04-10</subfield>
    <subfield code="y">RN</subfield>
  </datafield>
  <datafield tag="952" ind1=" " ind2=" ">
    <subfield code="0">0</subfield>
    <subfield code="1">0</subfield>
    <subfield code="4">0</subfield>
    <subfield code="7">0</subfield>
    <subfield code="a">BCEJYS</subfield>
    <subfield code="b">BCEJYS</subfield>
    <subfield code="c">17</subfield>
    <subfield code="d">2014-02-01</subfield>
    <subfield code="h">N&#xBA; 3 - feb. 2014</subfield>
    <subfield code="l">0</subfield>
    <subfield code="o">H349.2 LAB 3/2014</subfield>
    <subfield code="p">R10321</subfield>
    <subfield code="r">2026-04-10 16:07:22</subfield>
    <subfield code="w">2026-04-10</subfield>
    <subfield code="y">RN</subfield>
  </datafield>
  <datafield tag="952" ind1=" " ind2=" ">
    <subfield code="0">0</subfield>
    <subfield code="1">0</subfield>
    <subfield code="4">0</subfield>
    <subfield code="7">0</subfield>
    <subfield code="a">BCEJYS</subfield>
    <subfield code="b">BCEJYS</subfield>
    <subfield code="c">17</subfield>
    <subfield code="d">2014-01-15</subfield>
    <subfield code="h">N&#xBA; 2 - ene. 2014</subfield>
    <subfield code="l">0</subfield>
    <subfield code="o">H349.2 LAB 2/2014</subfield>
    <subfield code="p">R10251</subfield>
    <subfield code="r">2026-04-10 16:07:22</subfield>
    <subfield code="w">2026-04-10</subfield>
    <subfield code="y">RN</subfield>
  </datafield>
  <datafield tag="952" ind1=" " ind2=" ">
    <subfield code="0">0</subfield>
    <subfield code="1">0</subfield>
    <subfield code="4">0</subfield>
    <subfield code="7">0</subfield>
    <subfield code="a">BCEJYS</subfield>
    <subfield code="b">BCEJYS</subfield>
    <subfield code="c">17</subfield>
    <subfield code="d">2014-01-01</subfield>
    <subfield code="h">N&#xBA; 1 - ene. 2014</subfield>
    <subfield code="l">0</subfield>
    <subfield code="o">H349.2 LAB 1/2014</subfield>
    <subfield code="p">R10250</subfield>
    <subfield code="r">2026-04-10 16:07:22</subfield>
    <subfield code="w">2026-04-10</subfield>
    <subfield code="y">RN</subfield>
  </datafield>
  <datafield tag="952" ind1=" " ind2=" ">
    <subfield code="0">0</subfield>
    <subfield code="1">0</subfield>
    <subfield code="4">0</subfield>
    <subfield code="7">0</subfield>
    <subfield code="a">BCEJYS</subfield>
    <subfield code="b">BCEJYS</subfield>
    <subfield code="c">17</subfield>
    <subfield code="d">2013-12-15</subfield>
    <subfield code="h">N&#xBA; 24 - dic. 2013</subfield>
    <subfield code="l">0</subfield>
    <subfield code="o">H349.2 LAB 24/2013</subfield>
    <subfield code="p">R10222</subfield>
    <subfield code="r">2026-04-10 16:07:22</subfield>
    <subfield code="w">2026-04-10</subfield>
    <subfield code="y">RN</subfield>
  </datafield>
  <datafield tag="952" ind1=" " ind2=" ">
    <subfield code="0">0</subfield>
    <subfield code="1">0</subfield>
    <subfield code="4">0</subfield>
    <subfield code="7">0</subfield>
    <subfield code="a">BCEJYS</subfield>
    <subfield code="b">BCEJYS</subfield>
    <subfield code="c">17</subfield>
    <subfield code="d">2013-12-01</subfield>
    <subfield code="h">N&#xBA; 23 - dic. 2013</subfield>
    <subfield code="l">0</subfield>
    <subfield code="o">H349.2 LAB 23/2013</subfield>
    <subfield code="p">R10221</subfield>
    <subfield code="r">2026-04-10 16:07:22</subfield>
    <subfield code="w">2026-04-10</subfield>
    <subfield code="y">RN</subfield>
  </datafield>
  <datafield tag="952" ind1=" " ind2=" ">
    <subfield code="0">0</subfield>
    <subfield code="1">0</subfield>
    <subfield code="4">0</subfield>
    <subfield code="7">0</subfield>
    <subfield code="a">BCEJYS</subfield>
    <subfield code="b">BCEJYS</subfield>
    <subfield code="c">17</subfield>
    <subfield code="d">2013-11-15</subfield>
    <subfield code="h">N&#xBA; 22 - nov. 2013</subfield>
    <subfield code="l">0</subfield>
    <subfield code="o">H349.2 LAB 22/2013</subfield>
    <subfield code="p">R10220</subfield>
    <subfield code="r">2026-04-10 16:07:22</subfield>
    <subfield code="w">2026-04-10</subfield>
    <subfield code="y">RN</subfield>
  </datafield>
  <datafield tag="952" ind1=" " ind2=" ">
    <subfield code="0">0</subfield>
    <subfield code="1">0</subfield>
    <subfield code="4">0</subfield>
    <subfield code="7">0</subfield>
    <subfield code="a">BCEJYS</subfield>
    <subfield code="b">BCEJYS</subfield>
    <subfield code="c">17</subfield>
    <subfield code="d">2013-11-01</subfield>
    <subfield code="h">N&#xBA; 21 - nov. 2013</subfield>
    <subfield code="l">0</subfield>
    <subfield code="o">H349.2 LAB 21/2013</subfield>
    <subfield code="p">R09918</subfield>
    <subfield code="r">2026-04-10 16:07:22</subfield>
    <subfield code="w">2026-04-10</subfield>
    <subfield code="y">RN</subfield>
  </datafield>
  <datafield tag="952" ind1=" " ind2=" ">
    <subfield code="0">0</subfield>
    <subfield code="1">0</subfield>
    <subfield code="4">0</subfield>
    <subfield code="7">0</subfield>
    <subfield code="a">BCEJYS</subfield>
    <subfield code="b">BCEJYS</subfield>
    <subfield code="c">17</subfield>
    <subfield code="d">2013-10-07</subfield>
    <subfield code="h">N&#xBA; 20 - oct. 2013</subfield>
    <subfield code="l">0</subfield>
    <subfield code="o">H349.2 LAB 20/2013</subfield>
    <subfield code="p">R09449</subfield>
    <subfield code="r">2026-04-10 16:07:22</subfield>
    <subfield code="w">2026-04-10</subfield>
    <subfield code="y">RN</subfield>
  </datafield>
  <datafield tag="952" ind1=" " ind2=" ">
    <subfield code="0">0</subfield>
    <subfield code="1">0</subfield>
    <subfield code="4">0</subfield>
    <subfield code="7">0</subfield>
    <subfield code="a">BCEJYS</subfield>
    <subfield code="b">BCEJYS</subfield>
    <subfield code="c">17</subfield>
    <subfield code="d">2013-10-01</subfield>
    <subfield code="h">N&#xBA; 19 - oct. 2013</subfield>
    <subfield code="l">0</subfield>
    <subfield code="o">H349.2 LAB 19/2013</subfield>
    <subfield code="p">R09363</subfield>
    <subfield code="r">2026-04-10 16:07:22</subfield>
    <subfield code="w">2026-04-10</subfield>
    <subfield code="y">RN</subfield>
  </datafield>
  <datafield tag="952" ind1=" " ind2=" ">
    <subfield code="0">0</subfield>
    <subfield code="1">0</subfield>
    <subfield code="4">0</subfield>
    <subfield code="7">0</subfield>
    <subfield code="a">BCEJYS</subfield>
    <subfield code="b">BCEJYS</subfield>
    <subfield code="c">17</subfield>
    <subfield code="d">2013-09-01</subfield>
    <subfield code="h">N&#xBA; 18 - sep. 2013</subfield>
    <subfield code="l">0</subfield>
    <subfield code="o">H349.2 LAB 18/2013</subfield>
    <subfield code="p">R09030</subfield>
    <subfield code="r">2026-04-10 16:07:22</subfield>
    <subfield code="w">2026-04-10</subfield>
    <subfield code="y">RN</subfield>
  </datafield>
  <datafield tag="952" ind1=" " ind2=" ">
    <subfield code="0">0</subfield>
    <subfield code="1">0</subfield>
    <subfield code="4">0</subfield>
    <subfield code="7">0</subfield>
    <subfield code="a">BCEJYS</subfield>
    <subfield code="b">BCEJYS</subfield>
    <subfield code="c">17</subfield>
    <subfield code="d">2013-09-01</subfield>
    <subfield code="h">N&#xBA; 17 - sep. 2013</subfield>
    <subfield code="l">0</subfield>
    <subfield code="o">H349.2 LAB 17/2013</subfield>
    <subfield code="p">R09009</subfield>
    <subfield code="r">2026-04-10 16:07:22</subfield>
    <subfield code="w">2026-04-10</subfield>
    <subfield code="y">RN</subfield>
  </datafield>
  <datafield tag="952" ind1=" " ind2=" ">
    <subfield code="0">0</subfield>
    <subfield code="1">0</subfield>
    <subfield code="4">0</subfield>
    <subfield code="7">0</subfield>
    <subfield code="a">BCEJYS</subfield>
    <subfield code="b">BCEJYS</subfield>
    <subfield code="c">17</subfield>
    <subfield code="d">2013-08-15</subfield>
    <subfield code="h">N&#xBA; 16 - ago. 2013</subfield>
    <subfield code="l">0</subfield>
    <subfield code="o">H349.2 LAB 16/2013</subfield>
    <subfield code="p">R08462</subfield>
    <subfield code="r">2026-04-10 16:07:22</subfield>
    <subfield code="w">2026-04-10</subfield>
    <subfield code="y">RN</subfield>
  </datafield>
  <datafield tag="952" ind1=" " ind2=" ">
    <subfield code="0">0</subfield>
    <subfield code="1">0</subfield>
    <subfield code="4">0</subfield>
    <subfield code="7">0</subfield>
    <subfield code="a">BCEJYS</subfield>
    <subfield code="b">BCEJYS</subfield>
    <subfield code="c">17</subfield>
    <subfield code="d">2013-08-01</subfield>
    <subfield code="h">N&#xBA; 15 - ago.2013</subfield>
    <subfield code="l">0</subfield>
    <subfield code="o">H349.2 LAB 15/2013</subfield>
    <subfield code="p">R08415</subfield>
    <subfield code="r">2026-04-10 16:07:22</subfield>
    <subfield code="w">2026-04-10</subfield>
    <subfield code="y">RN</subfield>
  </datafield>
  <datafield tag="952" ind1=" " ind2=" ">
    <subfield code="0">0</subfield>
    <subfield code="1">0</subfield>
    <subfield code="4">0</subfield>
    <subfield code="7">0</subfield>
    <subfield code="a">BCEJYS</subfield>
    <subfield code="b">BCEJYS</subfield>
    <subfield code="c">17</subfield>
    <subfield code="d">2013-07-15</subfield>
    <subfield code="h">N&#xBA; 14 - jul. 2013</subfield>
    <subfield code="l">0</subfield>
    <subfield code="o">H349.2 LAB 14/2013</subfield>
    <subfield code="p">R08402</subfield>
    <subfield code="r">2026-04-10 16:07:22</subfield>
    <subfield code="w">2026-04-10</subfield>
    <subfield code="y">RN</subfield>
  </datafield>
  <datafield tag="952" ind1=" " ind2=" ">
    <subfield code="0">0</subfield>
    <subfield code="1">0</subfield>
    <subfield code="4">0</subfield>
    <subfield code="7">0</subfield>
    <subfield code="a">BCEJYS</subfield>
    <subfield code="b">BCEJYS</subfield>
    <subfield code="c">17</subfield>
    <subfield code="d">2013-07-01</subfield>
    <subfield code="h">N&#xBA; 13 - jul. 2013</subfield>
    <subfield code="l">0</subfield>
    <subfield code="o">H349.2 LAB 13/2013</subfield>
    <subfield code="p">R08393</subfield>
    <subfield code="r">2026-04-10 16:07:22</subfield>
    <subfield code="w">2026-04-10</subfield>
    <subfield code="y">RN</subfield>
  </datafield>
  <datafield tag="952" ind1=" " ind2=" ">
    <subfield code="0">0</subfield>
    <subfield code="1">0</subfield>
    <subfield code="4">0</subfield>
    <subfield code="7">0</subfield>
    <subfield code="a">BCEJYS</subfield>
    <subfield code="b">BCEJYS</subfield>
    <subfield code="c">17</subfield>
    <subfield code="d">2013-06-01</subfield>
    <subfield code="h">N&#xBA; 12 - jun. 2013</subfield>
    <subfield code="l">0</subfield>
    <subfield code="o">H349.2 LAB 12/2013</subfield>
    <subfield code="p">R08232</subfield>
    <subfield code="r">2026-04-10 16:07:22</subfield>
    <subfield code="w">2026-04-10</subfield>
    <subfield code="y">RN</subfield>
  </datafield>
  <datafield tag="952" ind1=" " ind2=" ">
    <subfield code="0">0</subfield>
    <subfield code="1">0</subfield>
    <subfield code="4">0</subfield>
    <subfield code="7">0</subfield>
    <subfield code="a">BCEJYS</subfield>
    <subfield code="b">BCEJYS</subfield>
    <subfield code="c">17</subfield>
    <subfield code="d">2013-06-01</subfield>
    <subfield code="h">N&#xBA; 11 - jun. 2013</subfield>
    <subfield code="l">0</subfield>
    <subfield code="o">H349.2 LAB 11/2013</subfield>
    <subfield code="p">R08224</subfield>
    <subfield code="r">2026-04-10 16:07:22</subfield>
    <subfield code="w">2026-04-10</subfield>
    <subfield code="y">RN</subfield>
  </datafield>
  <datafield tag="952" ind1=" " ind2=" ">
    <subfield code="0">0</subfield>
    <subfield code="1">0</subfield>
    <subfield code="4">0</subfield>
    <subfield code="7">0</subfield>
    <subfield code="a">BCEJYS</subfield>
    <subfield code="b">BCEJYS</subfield>
    <subfield code="c">17</subfield>
    <subfield code="d">2013-05-16</subfield>
    <subfield code="h">N&#xBA; 10 - mayo 2013</subfield>
    <subfield code="l">0</subfield>
    <subfield code="o">H349.2 LAB 10/2013</subfield>
    <subfield code="p">R08002</subfield>
    <subfield code="r">2026-04-10 16:07:22</subfield>
    <subfield code="w">2026-04-10</subfield>
    <subfield code="y">RN</subfield>
  </datafield>
  <datafield tag="952" ind1=" " ind2=" ">
    <subfield code="0">0</subfield>
    <subfield code="1">0</subfield>
    <subfield code="4">0</subfield>
    <subfield code="7">0</subfield>
    <subfield code="a">BCEJYS</subfield>
    <subfield code="b">BCEJYS</subfield>
    <subfield code="c">17</subfield>
    <subfield code="d">2013-05-01</subfield>
    <subfield code="h">N&#xBA; 9 - mayo 2013</subfield>
    <subfield code="l">0</subfield>
    <subfield code="o">H349.2 LAB 9/2013</subfield>
    <subfield code="p">R07796</subfield>
    <subfield code="r">2026-04-10 16:07:23</subfield>
    <subfield code="w">2026-04-10</subfield>
    <subfield code="y">RN</subfield>
  </datafield>
  <datafield tag="952" ind1=" " ind2=" ">
    <subfield code="0">0</subfield>
    <subfield code="1">0</subfield>
    <subfield code="4">0</subfield>
    <subfield code="7">0</subfield>
    <subfield code="a">BCEJYS</subfield>
    <subfield code="b">BCEJYS</subfield>
    <subfield code="c">17</subfield>
    <subfield code="d">2013-04-15</subfield>
    <subfield code="h">N&#xBA; 8 - abr. 2013</subfield>
    <subfield code="l">0</subfield>
    <subfield code="o">H349.2 LAB 8/2013</subfield>
    <subfield code="p">R07217</subfield>
    <subfield code="r">2026-04-10 16:07:23</subfield>
    <subfield code="w">2026-04-10</subfield>
    <subfield code="y">RN</subfield>
  </datafield>
  <datafield tag="952" ind1=" " ind2=" ">
    <subfield code="0">0</subfield>
    <subfield code="1">0</subfield>
    <subfield code="4">0</subfield>
    <subfield code="7">0</subfield>
    <subfield code="a">BCEJYS</subfield>
    <subfield code="b">BCEJYS</subfield>
    <subfield code="c">17</subfield>
    <subfield code="d">2013-04-01</subfield>
    <subfield code="h">N&#xBA; 7 - abr. 2013</subfield>
    <subfield code="l">0</subfield>
    <subfield code="o">H349.2 LAB 7/2013</subfield>
    <subfield code="p">R07213</subfield>
    <subfield code="r">2026-04-10 16:07:23</subfield>
    <subfield code="w">2026-04-10</subfield>
    <subfield code="y">RN</subfield>
  </datafield>
  <datafield tag="952" ind1=" " ind2=" ">
    <subfield code="0">0</subfield>
    <subfield code="1">0</subfield>
    <subfield code="4">0</subfield>
    <subfield code="7">0</subfield>
    <subfield code="a">BCEJYS</subfield>
    <subfield code="b">BCEJYS</subfield>
    <subfield code="c">17</subfield>
    <subfield code="d">2013-03-01</subfield>
    <subfield code="h">N&#xBA; 6 - mar. 2013</subfield>
    <subfield code="l">0</subfield>
    <subfield code="o">H349.2 LAB 6/2013</subfield>
    <subfield code="p">R07195</subfield>
    <subfield code="r">2026-04-10 16:07:23</subfield>
    <subfield code="w">2026-04-10</subfield>
    <subfield code="y">RN</subfield>
  </datafield>
  <datafield tag="952" ind1=" " ind2=" ">
    <subfield code="0">0</subfield>
    <subfield code="1">0</subfield>
    <subfield code="4">0</subfield>
    <subfield code="7">0</subfield>
    <subfield code="a">BCEJYS</subfield>
    <subfield code="b">BCEJYS</subfield>
    <subfield code="c">17</subfield>
    <subfield code="d">2013-03-01</subfield>
    <subfield code="h">N&#xBA; 5 - mar. 2013</subfield>
    <subfield code="l">0</subfield>
    <subfield code="o">H349.2 LAB 5/2013</subfield>
    <subfield code="p">R07194</subfield>
    <subfield code="r">2026-04-10 16:07:23</subfield>
    <subfield code="w">2026-04-10</subfield>
    <subfield code="y">RN</subfield>
  </datafield>
  <datafield tag="952" ind1=" " ind2=" ">
    <subfield code="0">0</subfield>
    <subfield code="1">0</subfield>
    <subfield code="4">0</subfield>
    <subfield code="7">0</subfield>
    <subfield code="a">BCEJYS</subfield>
    <subfield code="b">BCEJYS</subfield>
    <subfield code="c">17</subfield>
    <subfield code="d">2013-02-01</subfield>
    <subfield code="h">N&#xBA; 4 - feb. 2013</subfield>
    <subfield code="l">0</subfield>
    <subfield code="o">H349.2 LAB 4/2013</subfield>
    <subfield code="p">R07193</subfield>
    <subfield code="r">2026-04-10 16:07:23</subfield>
    <subfield code="w">2026-04-10</subfield>
    <subfield code="y">RN</subfield>
  </datafield>
  <datafield tag="952" ind1=" " ind2=" ">
    <subfield code="0">0</subfield>
    <subfield code="1">0</subfield>
    <subfield code="4">0</subfield>
    <subfield code="7">0</subfield>
    <subfield code="a">BCEJYS</subfield>
    <subfield code="b">BCEJYS</subfield>
    <subfield code="c">17</subfield>
    <subfield code="d">2013-02-01</subfield>
    <subfield code="h">N&#xBA; 3 - feb. 2013</subfield>
    <subfield code="l">0</subfield>
    <subfield code="o">H349.2 LAB 3/2013</subfield>
    <subfield code="p">R07192</subfield>
    <subfield code="r">2026-04-10 16:07:23</subfield>
    <subfield code="w">2026-04-10</subfield>
    <subfield code="y">RN</subfield>
  </datafield>
  <datafield tag="952" ind1=" " ind2=" ">
    <subfield code="0">0</subfield>
    <subfield code="1">0</subfield>
    <subfield code="4">0</subfield>
    <subfield code="7">0</subfield>
    <subfield code="a">BCEJYS</subfield>
    <subfield code="b">BCEJYS</subfield>
    <subfield code="c">17</subfield>
    <subfield code="d">2013-01-15</subfield>
    <subfield code="h">N&#xBA; 2 - ene. 2013</subfield>
    <subfield code="l">0</subfield>
    <subfield code="o">H349.2 LAB 2/2013</subfield>
    <subfield code="p">R06636</subfield>
    <subfield code="r">2026-04-10 16:07:23</subfield>
    <subfield code="w">2026-04-10</subfield>
    <subfield code="y">RN</subfield>
  </datafield>
  <datafield tag="952" ind1=" " ind2=" ">
    <subfield code="0">0</subfield>
    <subfield code="1">0</subfield>
    <subfield code="4">0</subfield>
    <subfield code="7">0</subfield>
    <subfield code="a">BCEJYS</subfield>
    <subfield code="b">BCEJYS</subfield>
    <subfield code="c">17</subfield>
    <subfield code="d">2013-01-01</subfield>
    <subfield code="h">N&#xBA; 1 - ene. 2013</subfield>
    <subfield code="l">0</subfield>
    <subfield code="o">H349.2 LAB 1/2013</subfield>
    <subfield code="p">R06635</subfield>
    <subfield code="r">2026-04-10 16:07:23</subfield>
    <subfield code="w">2026-04-10</subfield>
    <subfield code="y">RN</subfield>
  </datafield>
</record>
